Cinc anys de fundacions privades catalanes / coordinació de la publicació: P. García de Mendoza i Sentenà i F. Alcaraz i Muñoz P. García de Mendoza i Sentenà i F. Alcaraz i Muñoz
Publicado:
Barcelona :
Generalitat de Catalunya, Direcció General de Dret i d'Entitats Jurídiques ,
1987
Descripción Física:
325 p. : amb map. ; 24 cm
Otros Autores:
García de Mendoza i Sentenà, P.
,
Alcaraz i Muñoz, Francesc
,
Catalunya. Direcció General de Dret i d'Entitats Jurídiques
Materias:
Fundacions -- Catalunya
MARC
| LEADER | 00000nam a2200000Ia 4500 | ||
|---|---|---|---|
| 001 | 7562 | ||
| 008 | 160829s1987 xx 000 0 cat d | ||
| 080 | |a O-1-85 | ||
| 245 | |a Cinc anys de fundacions privades catalanes / coordinació de la publicació: |b P. García de Mendoza i Sentenà i F. Alcaraz i Muñoz | ||
| 260 | |a Barcelona : |b Generalitat de Catalunya, Direcció General de Dret i d'Entitats Jurídiques, |c 1987 | ||
| 300 | |a 325 p. : |b amb map. ; |c 24 cm | ||
| 650 | |a Fundacions |x Catalunya |9 26394 | ||
| 700 | 1 | |a García de Mendoza i Sentenà, P. |9 26395 | |
| 700 | 1 | |a Alcaraz i Muñoz, Francesc |9 26396 | |
| 700 | |a Catalunya. Direcció General de Dret i d'Entitats Jurídiques |9 25449 | ||
| 901 | |a Arxiu | ||
| 942 | |n 1 | ||
| 952 | |0 0 |1 0 |4 0 |6 O185 |7 1 |9 43975 |a Arxiu |b Arxiu |d 2016-12-01 |l 0 |o O-1-85 |p 7562 |r 2016-12-01 00:00:00 |w 2016-12-01 |y ARXIU | ||
| 999 | |c 46555 |d 46555 | ||